Recopilación de leyes por orden numérico, con índices por número, ministerios y materias

Furkejuvvon:
Bibliográfalaš dieđut
Searvvušdahkki: Contraloría General de la República (Dahkki)
Materiálatiipa: Girji
Giella:espánnjágiella
Almmustuhtton: Santiago Nascimento 1934
Fáttát:
Fáddágilkorat: Lasit fáddágilkoriid
Eai fáddágilkorat, Lasit vuosttaš fáddágilkora!

MARC

LEADER 00000nam a2200000 a 4500
001 UCR0909
003 CL-VaPUC
008 971205e19340000CL |||||||||||||||||spa|d
082 0 4 |a 348.022  |b CON  |2 21 
110 2 |a Contraloría General de la República  |e author  |9 397506 
245 1 0 |a Recopilación de leyes por orden numérico, con índices por número, ministerios y materias 
300 |a t 
942 |c BK 
945 |d 19971205 00:00:00  |a lriquelm 
260 |a Santiago  |b Nascimento  |c 1934 
500 |a Desde la ley N§ 5.129, de 4 de Noviembre de 1932, a la 5.434, de 4 de Mayo de 1934 
500 |a Donación profesor Fernando Recio Olguín 
650 7 |a LEGISLACION  |2 CL-VaPUC  |9 397507 
650 7 |a FUENTES  |2 CL-VaPUC  |9 255666 
650 7 |a DERECHO CHILENO  |2 CL-VaPUC  |9 397508 
650 0 |a Leyes  |9 256670 
651 7 |a CHILE  |2 CL-VaPUC  |9 397509 
583 |a last modification  |c 19971205 00:00:00  |k Rodrigo Vera 
999 |c 264407  |d 264405 
952 |0 0  |1 0  |4 0  |6 348_022000000000000_CON_1934  |7 0  |8 F  |9 294660  |a BIBDER  |b BIBDER  |d 2019-11-19  |h t.20  |i 1917730  |o 348.022 CON 1934  |p 1917730  |r 2023-01-25  |w 2019-11-19  |y BK_F  |k DER 
952 |0 0  |1 0  |4 0  |6 348_022000000000000_CON_1934  |7 0  |8 X  |9 294662  |a BIBHIS  |b BIBHIS  |d 2019-11-19  |h t.20  |i 2129620  |o 348.022 CON 1934  |p 2129620  |r 2024-01-30  |w 2019-11-19  |y BK_X  |k HIS